00881pam a2200241 a 45000010008000000030004000080050017000120080041000290100017000700200015000870400017001020430012001190500022001310820023001532450115001762600051002913000026003426500016003686500043003847000019004278560104004468560089005501617503OSt20210916152044.0950927s1995 cou 000 0deng  a 95044494  a1555919359 aDLCchddDLC an-us---00aPN4871b.J68 199500a070/.92/273aB22000aJournalism :bstories from the real world /cRetta Blaney, editor ; [with an introduction by Walter Cronkite]. aGolden, Colo. :bNorth American Press,cc1995. axiv, 175 p. ;c23 cm. 0aJournalism. 0aJournalistszUnited StatesxBiography.1 aBlaney, Retta.423Contributor biographical informationuhttp://www.loc.gov/catdir/enhancements/fy1006/95044494-b.html423Publisher descriptionuhttp://www.loc.gov/catdir/enhancements/fy1304/95044494-d.html